000 02134nam a22003617a 4500
005 2011080406576.0
008 090728t xxu||||| |||| 00| 0 pun d
010 _aPUN-6947 B-465055-059
020 _c150.00
_a9788179143711
035 _aPN-6065 B-465055-059
037 _bDBAD / PUB
037 _bRBC/Vender
040 _adpl
_bpn
082 _a
100 _924414
_aਸੈਣੀ, ਗੁਰਬਖ਼ਸ਼ ਸਿੰਘ
245 _aਮਰਿਆ ਹੋਇਆ ਮਨੁੱਖ /
_cਗੁਰਬਖ਼ਸ਼ ਸਿੰਘ ਸੈਣੀ
246 _aMaria hoeya manukh
_bby Surjit Bains
260 _aChandigarh
_bTarlochan Publishers
_c2010
270 _a3236, Sector-15-D,
_bChandigarh
_k0172-4613236
300 4 _a96 ਸਫੇ
_c22ਸੇਮੀ (ਸਜਿਲੱਦ)
600 _931401
650 _924412
650 _924431
700 _931690
942 _2ddc
_cPN
_h
_mਸੈਣੀਗੁ
999 _c55139
_d55139